| 000 | 00851nam a2200205Ia 4500 | ||
|---|---|---|---|
| 005 | 20241216011522.0 | ||
| 008 | 190429s9999||||xx |||||||||||||| ||und|| | ||
| 082 |
_a302.22272 _bC21 |
||
| 100 | _aCALLUPE BERNABE ADDA LIZET, QUISPE HUAMAN DIANA CAROLINA | ||
| 245 | 0 | _aLA INFLUENCIA DE LA COMUNICACION NO VERBAL EN LA DECISION DEL VOTO EN LAS ELECCIONES MUNICIPALES 2010 DEL DISTRITO DE YANACANCHA - PASCO | |
| 250 | _a0 | ||
| 260 |
_aCERRO DE PASCO-PERU _bUNDAC _c2011 |
||
| 300 |
_a71 pag. _c29.7 cm. |
||
| 341 | _h0 | ||
| 490 |
_v0 _a0 |
||
| 505 | _aCAPITULO I: PLANTEAMIENTO DEL PROBLEMA, CAPITULO II: MARCO TEÓRICO, CAPITULO III: METODOLOG═A DE LA INVESTIGACIÓN Y CAPITULO IV: PRESENTACIÓN Y DISCUSION DE RESULTADOS | ||
| 541 |
_aD _bCALLUPE BERNABE ADDA L _d04-May-12 _oSoles |
||
| 650 | _aCiencias de la Comunicación | ||
| 942 | _cTESIS | ||
| 999 |
_c44080 _d44080 |
||